00867nam a2200145Ia 4500008004100000020001800041100006100059245015800120260002200278650003500300650024900335856004500584999001900629952007300648171212s9999 xx 000 0 und d a9781921313301 aWoinarski, John;Mackey, Brendan;Nix, Henry;Traill, Barry cWoinarski, John;Mackey, Brendan;Nix, Henry;Traill, BarryaThe Nature of Northern AustraliabIts natural values, ecological processes and future prospects bANU E Pressc2007 aEcology & Evolutionary Biology aEnvironmental sciences -- Australia, Northern; Human ecology -- Australia, Northern; Social ecology -- Australia, Northern; Human geography -- Australia, Northern; Australia, Northern -- Economic conditions; Australia, Northern -- Social policy uwww.jstor.org/stable/10.2307/j.ctt24h8n3 c351377d351377 001040aCLbCLd2017-12-12l0r2017-12-12 00:00:00w2017-12-12yCBE